| 000 | 01532nam a2200409 a 4500 | ||
|---|---|---|---|
| 001 | 101565397 | ||
| 003 | OCoLC | ||
| 005 | 20250115134526.0 | ||
| 008 | 070329s2003 nyua j 000 0 eng d | ||
| 020 |
_a0439562392 _qpaperback |
||
| 020 |
_a9780439562393 _qpaperback |
||
| 040 |
_aIHI _beng _cIHI _dYOL |
||
| 041 | 1 |
_aeng _aspa |
|
| 082 | 0 | 4 |
_a595.7 _222 |
| 092 | _aSP J595.7 CAN | ||
| 100 | 1 |
_aCanizares, Susan, _d1960- |
|
| 245 | 1 | 0 |
_aWhat is an insect? = _bQue es un insecto? / _cSusan Canizares, Mary Reid. |
| 246 | 3 | 0 | _aWhat is an insect? |
| 246 | 3 | 1 | _aQue es un insecto? |
| 260 |
_aNew York : _bScholastic, _c[2003] |
||
| 300 |
_a14 unnumbered pages : _bcolor illustrations ; _c18 x 21 cm. |
||
| 336 |
_atext _btxt _2rdacontent. |
||
| 337 |
_aunmediated _bn _2rdamedia. |
||
| 338 |
_avolume _bnc _2rdacarrier. |
||
| 490 | 1 | _aScience emergent readers. | |
| 500 | _a"Bilingual -- Bilingue"--Cover. | ||
| 500 | _a"This edition is only available for distribution through the school market"--P. [4] of cover. | ||
| 520 | _aUses simple text and photographs to explain what an insect is; compares various insects with creatures who are not. | ||
| 520 | _a"que es un insecto? Que no lo es? Abre este libro para saber!"--P. [4] of cover. | ||
| 546 | _aText in English and Spanish. | ||
| 650 | 0 |
_aInsects _vJuvenile literature. |
|
| 650 | 0 | _aBilingual books. | |
| 655 | 0 |
_aSpanish language materials _xBilingual _vJuvenile literature. |
|
| 700 | 1 | _aReid, Mary. | |
| 830 | 0 | _aScience emergent readers. | |
| 942 | _cBK | ||
| 999 |
_c30156 _d30154 |
||